All 50 U.S. States In Order By Population - Statistics

General Stats
  • This quiz has been taken 1,460 times
  • The average score is 35 of 50
Answer Stats
State Population % Correct
1 California 39,536,653
100%
2 Texas 28,304,596
98%
3 Florida 20,984,400
96%
4 New York 19,849,399
96%
5 Pennsylvania 12,805,537
89%
6 Illinois 12,802,023
87%
7 Ohio 11,658,609
85%
8 Georgia 10,429,379
82%
9 North Carolina 10,273,419
81%
10 Michigan 9,962,311
80%
11 New Jersey 9,005,644
76%
12 Virginia 8,470,020
74%
50 Wyoming 579,315
74%
14 Arizona 7,016,270
73%
13 Washington 7,405,743
73%
15 Massachusetts 6,859,819
71%
48 Alaska 739,795
70%
49 Vermont 623,657
69%
16 Tennessee 6,715,984
68%
17 Indiana 6,666,818
67%
18 Missouri 6,113,532
66%
47 North Dakota 755,393
66%
46 South Dakota 869,666
66%
21 Colorado 5,607,154
65%
19 Maryland 6,052,177
65%
24 Alabama 4,874,747
64%
45 Delaware 961,939
64%
22 Minnesota 5,576,606
64%
44 Montana 1,050,493
64%
20 Wisconsin 5,795,483
64%
42 Maine 1,335,907
63%
41 New Hampshire 1,342,795
63%
27 Oregon 4,142,776
63%
43 Rhode Island 1,059,639
63%
23 South Carolina 5,024,369
63%
40 Hawaii 1,427,538
62%
39 Idaho 1,716,943
62%
26 Kentucky 4,454,189
62%
25 Louisiana 4,684,333
62%
30 Iowa 3,145,711
61%
28 Oklahoma 3,930,864
60%
31 Utah 3,101,833
60%
29 Connecticut 3,588,184
59%
35 Kansas 2,913,123
59%
37 Nebraska 1,920,076
59%
36 New Mexico 2,088,070
59%
32 Arkansas 3,004,279
58%
38 West Virginia 1,815,857
58%
34 Mississippi 2,984,100
57%
33 Nevada 2,998,039
57%
No matching quizzes found
Score Distribution
Percent of People with Each Score
Percentile by Number Answered
Your Score History
You have not taken this quiz